| 000 | 02180cam a22006014i 4500 | ||
|---|---|---|---|
| 003 | PE-LiUPU | ||
| 005 | 20250731170411.0 | ||
| 008 | 160307s2009 ck r 000 0 spa d | ||
| 020 | _a9789587193992 | ||
| 020 | _a9587193997 | ||
| 035 | _a(Sirsi) a156411 | ||
| 040 |
_aPE-LiUPU _bspa _cPE-LiUPU _erda |
||
| 082 | 0 | 4 |
_a170 _bP43 |
| 100 | 1 |
_aPeña Riveros, Beatríz, _eautor. |
|
| 245 |
_aÉtica y bioetica en la sociedad contemporánea : _bun texto desde la reflexión académica / _cBeatríz Peña Riveros, Gloria Lucía Arango Bayer. |
||
| 264 |
_aBogotá : _bUniversidad Nacional de Colombia. Facultad de Enfermería, _c2009. |
||
| 300 |
_a142 páginas ; _c24 centímetros |
||
| 336 |
_atext _2rdacontent |
||
| 337 |
_aunmediated _2rdamedia |
||
| 338 |
_avolume _2rdacarrier |
||
| 504 | _aBibliografía al final de cada capítulo. | ||
| 505 | 0 | _aPresentación -- Introducción -- Consideraciones Propedéuticas -- Importancia de la Ética en el Proceso de Racionalización Occidental -- Tendencias de la Ética Contemporánea -- Problemas y dilemas éticos -- Bióetica -- Responsabilidad Profesional -- Conclusiones. | |
| 526 | _aSEG68 | ||
| 526 | _aSEG70 | ||
| 526 | _aSEG69 | ||
| 526 | _aSEG67 | ||
| 526 | _aSEG43 | ||
| 526 | _aP144 | ||
| 526 | _aP143 | ||
| 526 | _aP131 | ||
| 526 | _aP122 | ||
| 526 | _aP120 | ||
| 526 | _aP117 | ||
| 526 | _aP112 | ||
| 526 | _aP110 | ||
| 526 | _aP106 | ||
| 526 | _aP101 | ||
| 526 | _aP80 | ||
| 526 | _aP59 | ||
| 526 | _aP54 | ||
| 526 | _aP35 | ||
| 526 | _aP33 | ||
| 526 | _aP30 | ||
| 650 | 0 | 4 | _aÉtica. |
| 650 | 0 | 4 | _aBioética. |
| 650 | 0 | 4 | _aResponsabilidad. |
| 650 | 0 | 4 | _aÉtica médica. |
| 596 | _a1 | ||
| 942 |
_2ddc _cBOOK |
||
| 949 |
_a170 P43 _DEWEY _c1 _i72869 _lCCODEBUL1 _mbBUL _p102,25 _r0 _sY _tBOOK _u2016-04-06 _0COMPRA _oCIRCNOTE. El documento es de alto precio. _o.STAFF. Colección General |
||
| 999 |
_a170 P43 _wDEWEY _c9093 _i72869 _d9093 _e2017-9-1 _f2021-11-4 _g5 _lCCODEBUL1 _mBUL _n5 _p102.25 _r0 _sY _tBOOK _u2016-3-7 _xBIBLIOTECA _PP69 _0COMPRA _o.CIRCNOTE. Documento de alto precio. _o.STAFF. Colección General |
||
| 980 |
_81 _gALBERTO SANCHEZ Responsable de Automatización |
||